000 00574cab a2200193 4500
001 WB2616-67
008 090401t1990 xxu||||| |||| 00| 0 eng d
035 _a(Sirsi) u41347
041 _aeng
245 _aTenant farmers
260 _c1990
350 _a0
490 _aHansard
_vHouse of Lords 18 April 1990 Cols 11-40(15)
520 _aThe debate in the House of Lords concerning the problems affecting tenant farmers .
650 _aPROPERTY-LANDLORD AND TENANT-TENANCIES-AGRICULTURAL TENANCIES
690 _aRURAL PRACTICE
942 _n0
948 _c04/03/1997
999 _c26576
_d26576